Закон изменения степени наполнения паромашины при изменении противодавления и сохранения мощности: [оттиск статьи]

Bibliographic Details
Main Author: Бутаков И. Н. Иннокентий Николаевич
Language:Russian
Published: [1924]
Subjects:
Format: Book
KOHA link:https://koha.lib.tpu.ru/cgi-bin/koha/opac-detail.pl?biblionumber=351703

MARC

LEADER 00000nam0a2200000 4500
001 351703
005 20231102010429.0
035 |a (RuTPU)RU\TPU\retro\6965 
090 |a 351703 
100 |a 20190710d1924 km y0rusy50 ca 
101 0 |a rus 
102 |a RU 
105 |a a z 000zy 
200 1 |a Закон изменения степени наполнения паромашины при изменении противодавления и сохранения мощности  |e [оттиск статьи]  |f И. Н. Бутаков 
210 |d [1924] 
215 |a 3 с.  |c 2 черт. 
317 |5 63413507: ШкА/2195  |a На с. 1 дарственная надпись: "Для библиотеки Томского Технологического института от автора 7.5.25" 
317 |5 63413507: 26//4226  |a Пометы в тексте 
320 |9 572  |a Библиогр. в примеч. 
606 1 |a Паровые машины  |2 stltpush  |3 (RuTPU)RU\TPU\subj\48239  |9 67116 
610 1 |a труды учёных ТПУ 
610 1 |a коллекция ТПУ 
610 1 |a уравнения 
610 1 |a решения 
610 1 |a гиперболы 
610 1 |a чертежи 
610 1 |a конденсаторы 
610 1 |a давление 
610 1 |a цилиндры 
610 1 |a оттиски 
610 1 |a дарственные надписи 
610 1 |a дары автора 
610 1 |a дары библиотеке 
675 |a 621.1  |v 3 
700 1 |a Бутаков  |b И. Н.  |c ученый-теплотехник  |c профессор Томского политехнического института  |f 1881-1970  |g Иннокентий Николаевич  |x TPU  |2 stltpush  |3 (RuTPU)RU\TPU\pers\18396 
801 1 |a RU  |b 63413507  |c 20080903  |g PSBO 
801 2 |a RU  |b 63413507  |c 20210417  |g PSBO 
942 |c BK